00354 a2200145 4500003000400000005001700004008004100021020001800062040000900080082001800089100001600107245003700123260003900160300000900199OSt20231220132956.0231220b |||||||| |||| 00| 0 eng d a9789350722244 coclc a891.43bSHA/K aShambhunath aKAVI KI NAI DUNIYA /cShambunath aNew Delhi:bVani Prakashan,c2013. a284p